000 00252 a2200097 4500
001 37475
100 _aPintn M Alderton
245 _aEnglish Grammar Composition and Corporation
260 _aNew Delhi
_bS Chand and Company
_c
090 _c23938
_d23938
942 _aNUST-CAE
_cM
_c15489
999 _c272548
_d272548